Datum a čas kvízu
40
Celkem bodů
Celkový počet nahraných bodů na tomto kvízu bez doplňovacích otázek.
2.
Pořadí na kvízu
Konečné umístění týmu na tomto kvízu.
Zaznamenané odpovědi
| # | Otázka | Odpověď | Body | Výsledky |
|---|---|---|---|---|
| 1. | Státní zastupitelství obvinilo... | C | 1 | |
| 2. | Kterému fenoménu je věnovaný w... | UFO | 1 | |
| 3. | V pondělí se opět konala benef... | Heidi Klum | 0 | |
| 4. | Minulý týden informovala média... | B | 1 | |
| 5. | Po ukončení letošního ročníku... | Dominik Frodl | 0 | |
| 6. | Téma začneme jednou z nejoblíb... | Matěj Kotrba | 1 | |
| 7. | V roce 2019 jsme mohli v kinec... | Bitva u Midway (v originále Midway) | 1 | |
| 8. | Která herečka si zahrála krásn... | Diane Kruger | 0 | |
| 9. | Půl bodu obdržíte za název fil... | Amadeus; Miloš Forman | 1 | |
| 10. | Který režisér je podepsán pod... | C | 1 |